Normal view
MARC view
- Leary, James J.
Entry Personal Name
001 - CONTROL NUMBER
- control field: 922
003 - CONTROL NUMBER IDENTIFIER
- control field: NUST
005 - DATE AND TIME OF LATEST TRANSACTION
- control field: 20170516155821.0
008 - FIXED-LENGTH DATA ELEMENTS
- fixed length control field: 170516|| aca||aabn | a|a d
040 ## - CATALOGING SOURCE
- Original cataloging agency: NUST
- Transcribing agency: NUST
100 ## - HEADING--PERSONAL NAME
- Personal name: Leary, James J.
670 ## - SOURCE DATA FOUND
- Source citation: Work cat.: (NUST)0: Skoog, Douglas A. 737, Principles of instrumental analysis., c1992.
